It looks like you're offline.
Open Library logo
additional options menu

MARC record from Internet Archive

LEADER: 00805cam a22002291 4500
001 10213274
005 20120315143711.0
008 730216s1860 xx 000 0 eng
035 $9(DLC) 45034002
906 $a7$bcbc$coclcrpl$du$encip$f19$gy-gencatlg
010 $a 45034002
035 $a(OCoLC)559835
040 $aDLC$cOKentU$dDLC
042 $apremarc
050 00 $aBV600$b.M27
100 1 $aMcIlvaine, Charles Pettit,$d1799-1873.
245 14 $aThe temple of God;$bor, The Holy Catholic church and communion of saints, in its nature, structure, and unity.$cBy Charles Pettit M'Ilvaine.
260 $aPhiladelphia,$bProtestant Episcopal book society,$c1860.
300 $avi, 143 p.$c19 cm.
650 0 $aChurch.
985 $eOCLC REPLACEMENT cdsdistr
991 $bc-GenColl$hBV600$i.M27$tCopy 1$wOCLCREP